000 00731nam a2200229 a 4500
003 CBULib
005 20250506105233.0
008 120416s1979 ||||||||||||||||| || u
040 _bEnglish
_cCBULib
_erda
041 _aeng
050 _aIBRD(02)1979/2
110 _94491
_aThe World Bank(IBRD)
245 1 0 _aRecognizing the ''invisible'' woman in development : the World Bank's experience
_c/ by The World Bank(IBRD)
260 _aWashington :
_bWorld Bank,
_c1979.
300 _av, 33 pages : illustrations
336 _2rdacontent
_aText |
_btxt
337 _2rdamedia
_aUnmediated |
_bn
338 _2rdacarrier
_aVolume
_bnc
650 _aWOMEN--ECONOMIC DEVELOPMENT
650 0 _aWOMEN IN DEVELOPMENT
942 _2mc
_c029
999 _c79997
_d79997